| 000 | 01397cam a2200349 a 4500 | ||
|---|---|---|---|
| 001 | 17374162 | ||
| 005 | 20170105102904.0 | ||
| 008 | 120705s2012 enkab b 001 0 eng | ||
| 010 | _a 2012027004 | ||
| 020 | _a9780415524391 (hb) | ||
| 020 | _a9780203097205 (eb) | ||
| 040 |
_aDLC _cDLC |
||
| 042 | _apcc | ||
| 043 |
_aa-ja--- _aa------ _ad------ |
||
| 050 | 0 | 0 |
_aHC60 _b.R538 2012 |
| 082 | 0 | 0 |
_a338.91/5201724 _223 |
| 245 | 0 | 4 |
_aThe rise of Asian donors : _bJapan's impact on the evolution of emerging donors / _cedited by Jin Sato and Yasutami Shimomura. |
| 260 |
_aAbingdon, Oxon ; _aNew York, NY : _bRoutledge, _c2012. |
||
| 300 |
_avi, 189 p. : _bill, maps ; _c25 cm. |
||
| 490 | 0 |
_aRoutledge-GRIPS development forum studies ; _v1 |
|
| 504 | _aIncludes bibliographical references and index. | ||
| 650 | 0 |
_aEconomic assistance, Japanese _zDeveloping countries. |
|
| 650 | 0 |
_aEconomic assistance _zAsia. |
|
| 650 | 0 |
_aEconomic assistance _zDeveloping countries. |
|
| 651 | 0 |
_aJapan _xForeign economic relations _zDeveloping countries. |
|
| 651 | 0 |
_aDeveloping countries _zForeign economic relations _zJapan. |
|
| 700 | 1 |
_aSatÅ, Jin, _d1968- |
|
| 700 | 1 | _aShimomura, Yasutami. | |
| 906 |
_a7 _bcbc _corignew _d1 _eecip _f20 _gy-gencatlg |
||
| 942 |
_2ddc _cBK |
||
| 999 |
_c14776 _d14776 |
||